1981 1284 1610 1817 1331 1750 1631 1323 1732 1986 1488 1736 1418 1102 1205 1469 1437 1160 1633 1149 1712 1789 1364 1380 1027 1276 1032 1566 1752 1072 1018 1142 1295 1502 1280 1892 1551 1335 1792 1010 1080 1333 1299 1564 1569 1007 1177 1042 1452 1400 1195 1725 1972 1661 1775 1581 1958 1968 1815 1307 1168 1971 1464 1818 1557 1650 1508 1499 1435 1242 1832 1064 1739 1046 1564 1937 1669 1077 1921 1049 1111 1230 1074 1099 1890 1719 1165 1510 1816 1457 1911 1111 1301 1712 1083 1700 1461 1814 1659 BCNSPRNW ULIB Ver.6.0+V

เปลี่ยนเป็นภาษาไทย

Change to English
 แสดงรายละเอียดบรรณานุกรม
  กลับหน้าหลัก

Brief Record : Get Marc (ISO 2709) : E-mail record : QR code < ปิดหน้าต่าง
LEADER : 00000nam 2200000uu 4500
001    13399120642
003     ULIB
008    121002s2550||||th 000 0 tha d
020    ^a9789746457576
050 04 ^aBF576^bม747ท ล.1
110 2  ^aมหาวิทยาลัยสุโขทัยธรรมาธิราช.^bสาขาวิชาศิลปศาสตร์
245 10 ^aทักษะชีวิต หน่วยที่ 1-7=^bLife skills /^cสาขาวิชาศิลปศาสตร์มหาวิทยาลัยสุโขทัยธรรมาธิราช
246 31 ^aLife skills
250    ^aพิมพ์ครั้งที่ 10
260    ^aนนทบุรี :^bมหาวิทยาลัยสุโขทัยธรรมาธิราช,^c2550
300    ^a2 เล่ม :^bภาพประกอบ, ตาราง
440  0 ^aเอกสารการสอนชุดวิชา ;^v10103
504    ^aมีบรรณานุกรมประกอบ
505 0  ^aล.2^tหน่วยที่ 1-7
650  7 ^aจิตวิทยาประยุกต์
650  7 ^aความสำเร็จ
650  7 ^aการดำเนินชีวิต
945    ^p0^l0^i14786
945    ^p0^l0^i14882
995    ^aวิภา
999 ^a ใช้งานได้ทุกระบบ
รายการนี้ยังไม่มีแท็ก
คุณยังไม่ได้ล็อกอิน คุณสามารถมีกิจกรรมร่วมกับเว็บไซต์ได้ แต่ต้องล็อกอินก่อน ::
  ล็อกอิน

รายการสื่อสารสนเทศ

ลำดับที่ ประเภท เลขเรียก/บาร์โค้ด สถานที่ สถานะ
1. วิทยาศาสตร์การแพทย์ และสุขภาพ
วิทยาศาสตร์การแพทย์ และสุขภาพ
สถานะ=หนังสือเก่า
BF576 ม747ท ล.1  
  Barcode: 14786
ห้องสมุดวิทยาเขตนครสวรรค์
►ส่วนจัดเก็บหนังสือเก่า นว.
บนชั้น
  ขอยืม
2. การศึกษาทั่วไป
การศึกษาทั่วไป
สถานะ=หนังสือเก่า
BF576 ม747ท ล.1 ฉ.2 
  Barcode: 14882
ห้องสมุดวิทยาเขตนครสวรรค์
►ส่วนจัดเก็บหนังสือเก่า นว.
บนชั้น
  ขอยืม

รายการใกล้เคียง
    หัวเรื่อง [จิตวิทยาประยุกต์]
    หัวเรื่อง [ความสำเร็จ]
    หัวเรื่อง [การดำเนินชีวิต]

BibComment


ยังไม่เคยถูกคอมเมนท์

คอมเมนท์ทรัพยากรรายการนี้
  คอมเมนท์: ทักษะชีวิต หน่วย..


 Copyright 2026. Bcnsprnw @Library